000 00815nam a2200205 i 4500
001 10825
003 ES-MaACL
005 20250722183551.0
007 t|
008 950511s1995 sp |||| | spa d
080 _a860-4"19"
100 1 _aHernández Prieto, María Isabel.
_963028
245 1 0 _aEn el III Centenario de la muerte de Sor Juana Inés de la Cruz
_b: Sor Juana Inés de la Cruz y El Libro del Universo /
_cMaría Isabel Hernández Prieto.
260 _aLas Palmas de Gran Canaria :
_bDiario de las Palmas,
_c1995.
300 _a2 h. ;
_c33 cm.
594 _aRecortes de periódico de dos textos publicados en el Diario de las Palmas, de 11 de mayo y 17 de mayo de 1995.
600 0 4 _aJuana Inés de la Cruz,
_cSor,
_d1651-1695
_967141
852 _aES-MaACL
_j2151-F-2
999 _c10825
_d10825